Countries By Borders #1 - Statistics

General Stats
  • This quiz has been taken 31 times
  • The average score is 17 of 20
Answer Stats
Land Borders Country % Correct
China, Russia Mongolia
100%
Argentina, Brazil Uruguay
100%
Latvia, Russia Estonia
97%
Spain Portugal
93%
Oman, Saudi Arabia Yemen
93%
France, Spain Andorra
90%
Germany Denmark
90%
Romania, Ukraine Moldova
90%
Belgium, Germany Netherlands
90%
Nicaragua, Panama Costa Rica
87%
Iraq, Saudi Arabia Kuwait
87%
Colombia, Costa Rica Panama
87%
Cambodia, China, Laos Vietnam
87%
India, Myanmar Bangladesh
83%
Eritrea, Ethiopia, Somalia Djibouti
83%
Benin, Burkina Faso, Ghana Togo
83%
Mozambique, South Africa Eswatini
80%
Senegal Gambia
77%
Indonesia Papua New Guinea
77%
Mozambique, Tanzania, Zambia Malawi
73%
No matching quizzes found
Score Distribution
Percent of People with Each Score
Percentile by Number Answered
Your Score History
You have not taken this quiz